Ḥen ha-makom; (Record no. 32883)

MARC details
000 -LEADER
fixed length control field 00701cam a22002291 4500
001 - CONTROL NUMBER
control field he 68000312
003 - CONTROL NUMBER IDENTIFIER
control field DLC
005 - DATE AND TIME OF LATEST TRANSACTION
control field 20260227111453.0
008 - FIXED-LENGTH DATA ELEMENTS--GENERAL INFORMATION
fixed length control field 851115s1967 is ah 000 0 heb
010 ## - LIBRARY OF CONGRESS CONTROL NUMBER
LC control number he 68000312
025 ## - OVERSEAS ACQUISITION NUMBER
Overseas acquisition number PL480:Is-6264
035 ## - SYSTEM CONTROL NUMBER
System control number (OCoLC)12799830
040 ## - CATALOGING SOURCE
Original cataloging agency DLC
Transcribing agency CoDU
Modifying agency CoDU
-- DLC
043 ## - GEOGRAPHIC AREA CODE
Geographic area code a-is---
050 00 - LIBRARY OF CONGRESS CALL NUMBER
Classification number DS103
Item number .I39
100 1# - MAIN ENTRY--PERSONAL NAME
Personal name Ilan, Zvi,
Dates associated with a name 1936-
245 10 - TITLE STATEMENT
Title Ḥen ha-makom;
Remainder of title sipurehem shel atare ṭiyul bi-Yiśraʼel
Statement of responsibility, etc. [me-et] Tsevi Ilan. [ʻArikhah: Yeshʻayahu Avrekh.]
260 ## - PUBLICATION, DISTRIBUTION, ETC.
Place of publication, distribution, etc. [Tel-Aviv]
Name of publisher, distributor, etc. Tarbut ṿe-Ḥinukh
Date of publication, distribution, etc. [1967]
300 ## - PHYSICAL DESCRIPTION
Extent 344 p.
Other physical details illus., facsims.
Dimensions 22 cm.
651 #0 - SUBJECT ADDED ENTRY--GEOGRAPHIC NAME
Geographic name Israel
Form subdivision Guidebooks.
700 1# - ADDED ENTRY--PERSONAL NAME
Personal name Avrech, Isaiah,
Relator term ed.

No items available.

Powered by Koha